Carta do Marvel SNAP pela habilidade - Statistics

Estatísticas Gerais
  • Esse quiz foi jogado 3 vezes
  • A pontuação média é 8 de 10
Estatísticas das Respostas
Habilidade Custo Poder Carta % Correto
Quando Destruída: devolve esta carta à sua mão com o dobro de Poder. 1 1 Deadpool
100%
Constante: tem o Poder combinado de todas as cartas destruídas neste jogo. 6 0 Knull
100%
Ao Revelar: destói todas as cartas aqui com 3 de Poder ou menos. 5 7 Lady Deathstrike
100%
Constante: suas cartas não podem ter o Poder reduzido. 3 2 Luke Cage
100%
Ativar: substitui o texto de um personagem aleatório na mão do seu oponente por "oink!" 1 1 Spider Ham
100%
Ao Revelar: move para outro local e leva uma carta inimiga junto. 2 4 Spider-Man
100%
Ao Revelar: destrói suas outras cartas aqui e adiciona o Poder delas a esta carta. 3 3 Venom
100%
Se uma carta foi movida no turno anterior, esta carta custa 1. 4 5 Spider Man Miles Morales
50%
Quando Descartada ou Destruída: regenera esta carta com +2 de Poder num local aleatório. 2 3 Wolverine
50%
Ativar: após jogar sua próxima carta, ela ganha +1 de Poder e se move um local para a direita. 1 2 Araña
0%
Nenhum quiz correspondente encontrado
Distribuição das Pontuações
Porcentagem de Pessoas com Cada Pontuação
Percentil de Números Respondidos
Sua Pontuação Histórica
Você não jogou esse quiz